Nové technológie riešia staré problémy

Nové technológie pri spracovaní odpadu, ktorý môže poslúžiť ako palivo pre výrobu energie alebo sa po úprave znova použiť ako pôvodná surovina. Medzi nové technológie patrí aj spôsob regenerácie opotrebovaného oleja, vyvinutý na Fakulte chemickej a potravinárskej technológie Slovenskej technickej un...

Descrizione completa

Salvato in:
Dettagli Bibliografici
Autore principale: Hudec, Marián
Natura: Capitolo di libro
Lingua:slovacco
Soggetti:
Tags: Aggiungi Tag
Nessun Tag, puoi essere il primo ad aggiungerne!!

MARC

LEADER 00000naa a2200000 4500
001 0189017
005 20231011123548.9
041 0 |a slo 
044 |a SK 
245 1 0 |a Nové technológie riešia staré problémy  |c Marián Hudec 
520 |a Nové technológie pri spracovaní odpadu, ktorý môže poslúžiť ako palivo pre výrobu energie alebo sa po úprave znova použiť ako pôvodná surovina. Medzi nové technológie patrí aj spôsob regenerácie opotrebovaného oleja, vyvinutý na Fakulte chemickej a potravinárskej technológie Slovenskej technickej univerzity v Bratislave. 
610 2 0 |a odpad 
610 2 0 |a recyklácia odpadu 
610 2 0 |a spracovanie odpadu 
610 2 0 |a zber surovín 
610 2 0 |a technológie nové 
610 2 0 |a inovácie environmentálne 
100 1 |a Hudec, Marián